书目信息 |
| 题名: |
道尔顿教育计划
|
|
| 作者: | 帕克赫斯特 著 ;陈金芳 , 赵钰琳 译 | |
| 分册: | ||
| 出版信息: | 北京 北京大学出版社 2022.7 |
|
| 页数: | 194页 | |
| 开本: | 21cm | |
| 丛书名: | 北大开放教育文丛 | |
| 单 册: | ||
| 中图分类: | G424.22 | |
| 科图分类: | ||
| 主题词: | 道尔顿制--dao er dun zhi--教育方法--研究 | |
| 电子资源: | ||
| ISBN: | 978-7-301-29891-6 | |
| 000 | 01055nam 2200301 45 | |
| 001 | 012001000400 | |
| 005 | 20221207155335.83 | |
| 010 | @a978-7-301-29891-6@dCNY38.00 | |
| 099 | @aCAL 012018184206 | |
| 100 | @a20220905d2018 ekmy0chiy50 ea | |
| 101 | 1 | @achi@ceng |
| 102 | @aCN@b110000 | |
| 105 | @ay z 000yy | |
| 106 | @ar | |
| 200 | 1 | @a道尔顿教育计划@Adao er dun jiao yu ji hua@f(美) 海伦·帕克赫斯特著@d= Education on the Dalton Plan@fHelen Parkhurst@g陈金芳, 赵钰琳译@zeng |
| 205 | @a第2版@b修订本 | |
| 210 | @a北京@c北京大学出版社@d2022.7 | |
| 215 | @a194页@d21cm | |
| 225 | 2 | @a北大开放教育文丛@Abei da kai fang jiao yu wen cong |
| 410 | 0 | @12001 @a北大开放教育文丛 |
| 500 | 10 | @aEducation on the Dalton Plan@mChinese |
| 606 | 0 | @a道尔顿制@Adao er dun zhi@x教育方法@x研究 |
| 690 | @aG424.22@v5 | |
| 701 | 1 | @a帕克赫斯特@Apa ke he si te@g(Parkhurst, Helen),@f1887-1973@4著 |
| 702 | 0 | @a陈金芳@Achen jin fang@4译 |
| 702 | 0 | @a赵钰琳@Azhao yu lin@4译 |
| 801 | 0 | @aCN@bAHXH@c20221111 |
| 905 | @b1369283-7@dG424.22@e539=2@f5 | |
| 道尔顿教育计划/(美) 海伦·帕克赫斯特著= Education on the Dalton Plan/Helen Parkhurst/陈金芳, 赵钰琳译.-第2版,修订本.-北京:北京大学出版社,2022.7 |
| 194页;21cm.-(北大开放教育文丛) |
| ISBN 978-7-301-29891-6:CNY38.00 |
| ● |
| 相关链接 |
|
|
|
|
正题名:道尔顿教育计划
索取号:G424.22/539=2
 
预约/预借
| 序号 | 登录号 | 条形码 | 馆藏地/架位号 | 状态 | 备注 |
| 1 | 1369283 | 213692832 | 第一样本阅览室/ [索取号:G424.22/539=2] | 在馆 | |
| 2 | 1369284 | 213692841 | 教育系资料室/ [索取号:G424.22/539=2] | 在馆 | |
| 3 | 1369285 | 213692850 | 教育系资料室/ [索取号:G424.22/539=2] | 在馆 | |
| 4 | 1369286 | 213692869 | 第四借阅区/ [索取号:G424.22/539=2] | 在馆 | |
| 5 | 1369287 | 213692878 | 第四借阅区/ [索取号:G424.22/539=2] | 在馆 |